Crunch time (Record no. 80381)
[ view plain ]
| 000 -LEADER | |
|---|---|
| fixed length control field | 00812cab a22002175a 4500 |
| 001 - CONTROL NUMBER | |
| control field | L144200 |
| 008 - FIXED-LENGTH DATA ELEMENTS--GENERAL INFORMATION | |
| fixed length control field | 080703e2008 xxk 000 0 eng d |
| 035 ## - SYSTEM CONTROL NUMBER | |
| System control number | (Sirsi) u144200 |
| 041 0# - LANGUAGE CODE | |
| Language code of text/sound track or separate title | eng |
| 100 1# - MAIN ENTRY--PERSONAL NAME | |
| Personal name | Stewart, John |
| 245 00 - TITLE STATEMENT | |
| Title | Crunch time |
| 260 ## - PUBLICATION, DISTRIBUTION, ETC. | |
| Date of publication, distribution, etc. | 2008 |
| 490 ## - SERIES STATEMENT | |
| Series statement | Housebuilder |
| Volume/sequential designation | 67(5) June 2008, 29-42(9) |
| 520 ## - SUMMARY, ETC. | |
| Summary, etc. | Document introduces a selection of articles on the credit crunch and economic opinion on the current market outlook. Makes several observations on the fall in available mortgage products; the impact on house builders and the possible options available to government to help alleviate current difficulties. |
| 590 ## - LOCAL NOTE (RLIN) | |
| Local note | KA |
| 651 #4 - SUBJECT ADDED ENTRY--GEOGRAPHIC NAME | |
| Geographic name | United Kingdom |
| Chronological subdivision | |
| 690 ## - LOCAL SUBJECT ADDED ENTRY--TOPICAL TERM (OCLC, RLIN) | |
| Topical term or geographic name as entry element | Residential property |
| 9 (RLIN) | 6266 |
| 700 1# - ADDED ENTRY--PERSONAL NAME | |
| Personal name | Heller, Allison |
| 700 1# - ADDED ENTRY--PERSONAL NAME | |
| Personal name | Leech, Andrew |
| 942 ## - ADDED ENTRY ELEMENTS (KOHA) | |
| Suppress in OPAC | 0 |
| Withdrawn status | Lost status | Source of classification or shelving scheme | Damaged status | Not for loan | Home library | Current library | Shelving location | Date acquired | Total Checkouts | Full call number | Barcode | Date last seen | Copy number | Price effective from | Koha item type |
|---|---|---|---|---|---|---|---|---|---|---|---|---|---|---|---|
| Dewey Decimal Classification | London | London | Journal article | 03/07/2008 | L144200 | 144200-1001 | 06/08/2019 | 1 | 06/08/2019 | Journal article |